ბათუმის შოთა რუსთაველის სახელმწიფო უნივერსიტეტის ბიბლიოთეკა

Теоретическая Археология. (ბიბ.ჩანაწერი № 35023)

000 -LEADER
fixed length control field 00666nam a2200229Ia 4500
001 - CONTROL NUMBER
control field 862
003 - CONTROL NUMBER IDENTIFIER
control field GE_BSU
008 - FIXED-LENGTH DATA ELEMENTS--GENERAL INFORMATION
fixed length control field 181216s||||||||xx |||||||||||||| ||und||
040 ## - CATALOGING SOURCE
Transcribing agency GE_BSU
080 ## - UNIVERSAL DECIMAL CLASSIFICATION NUMBER
Universal Decimal Classification number 902/904
100 ## - MAIN ENTRY--PERSONAL NAME
Personal name Гарден,Жан-Клод.
245 ## - TITLE STATEMENT
Title Теоретическая Археология.
245 ## - TITLE STATEMENT
Statement of responsibility, etc. Пер. с французского Л.А. Лавлинской и Е.Л.Торшиной
260 ## - PUBLICATION, DISTRIBUTION, ETC.
Place of publication, distribution, etc. Москва
260 ## - PUBLICATION, DISTRIBUTION, ETC.
Name of publisher, distributor, etc. Прогресс
260 ## - PUBLICATION, DISTRIBUTION, ETC.
Date of publication, distribution, etc. 1983
300 ## - PHYSICAL DESCRIPTION
Extent 296 с.
653 ## - INDEX TERM--UNCONTROLLED
Uncontrolled term Теоретическая Археолгия
653 ## - INDEX TERM--UNCONTROLLED
Uncontrolled term არქეოლოგია
942 ## - ADDED ENTRY ELEMENTS (KOHA)
Koha item type წიგნი
ეგზემპლარები
Withdrawn status Lost status Damaged status Not for loan Date acquired Barcode Date last seen Price effective from Koha item type
        2018-12-17 1283 2018-12-17 2018-12-17 წიგნი